000 01357cam a2200361 a 4500
001 9683537
005 20140903174505.0
006 m u
007 cr cn|||||||||
008 110706s2011 si a sb 000 0 eng d
020 _z9789814302630
020 _z9789814346740 (e-book)
035 _a(CaPaEBR)ebr10477071
035 _a(NNC)9683537
040 _aCaPaEBR
_cCaPaEBR
050 1 4 _aRC 964
_b.S27 2011
100 1 _aSartain, Denis.
245 1 0 _aUnder pressure
_bunderstanding and managing the pressure and stress of work /
_cDenis Sartain & Maria Katsarou.
260 _aSingapore :
_bMarshall Cavendish Business,
_cc2011.
300 _a170 p. :
_bill.
_c21 cm.
504 _aIncludes bibliographical references.
505 0 _apt. 1. Understanding pressure & stress -- pt. 2. Managing pressure & stress.
533 _aElectronic reproduction.
_bPalo Alto, Calif. :
_cebrary,
_d2011.
_nAvailable via World Wide Web.
_nAccess may be limited to ebrary affiliated libraries.
650 0 _aOccupational diseases.
650 0 _aRelaxation
_xTechnique.
650 0 _aStress management.
655 7 _aElectronic books.
_2local
700 1 _aKatsarou, Maria.
710 2 _aebrary, Inc.
856 4 0 _uhttp://www.columbia.edu/cgi-bin/cul/resolve?clio9683537
_zClick here for full text.
942 _2lcc
_cBK
_kFOR
999 _c275410
_d275410